Préfectures de France : Nîmes - Statistiques

Statistiques générales
  • Ce quiz a été pris 74 fois
  • Le résultat moyen est 14 sur 25
Statistiques - réponses
Question Réponse % Correct
Quel numéro porte celui-ci ? 30
98%
De quel département est-ce la préfecture ? Gard
98%
Comment se nomment ses habitants ? Nimois
98%
La ville appartient à l'académie de/d' Montpellier
94%
A quelle région administrative appartient la ville depuis 2015 ? Occitanie
89%
La couleur principale de fond de son blason est le/l' Rouge
81%
Le blason est orné d'un animal, lequel ? Crocodile
79%
Quelles sont les sous-préfectures qui en dépendent ? Alès
76%
Ancien temple romain toujours visible en parfait état Maison carré
76%
Les Romains appellent la ville Nemausus
74%
Nom de la tour située au sommet des jardins de la Fontaine Magne
65%
La ville appartient au diocèse de/d' Nîmes
63%
La gare TGV de Nîmes se nomme Nîmes- Pont du Gard
60%
Le blason est orné d'un arbre, lequel ? Palmier
58%
Vin produit dans la région de Nîmes Costières
56%
Au XVIe siècle, cette religion y devient majoritaire Protestantisme
53%
Quelles sont les sous-préfectures qui en dépendent ? Le Vigan
48%
Les communes limitrophes dont le nom commence par C sont Caissargues
45%
Les communes limitrophes dont le nom commence par C sont Caveirac
45%
Ville italienne jumelée avec la ville Verone
32%
Ce peuple envahit la ville au Ve siècle Vandales
10%
Le peuple gaulois qui l'occupe est celui des Volques Arécomiques
8%
L'évangélisateur de la région est (prénom) Baudile
3%
Ville espagnole jumelée avec la ville Salamanque
3%
Quimper est desservi par le train depuis 1843
0%
Aucun quiz correspondant
Distribution des résultats
% des personnes avec chaque résultat
Percentile par nombre de réponses
Votre historique - résultats
Vous n’avez pas pris ce quiz